Подробности
| 000 -МАРКЕР |
| контрольное поле |
02417nam0a22003371 4500 |
| 001 - ИДЕНТИФИКАТОР ЗАПИСИ |
| контрольное поле |
rc\2850702 |
| 005 - ИДЕНТИФИКАТОР ВЕРСИИ |
| контрольное поле |
20250529204428.0 |
| 035 ## - ДРУГИЕ СИСТЕМНЫЕ НОМЕРА |
| Идентификатор записи |
(NLR Aleph) 007005791 |
| 100 ## - ДАННЫЕ ОБЩЕЙ ОБРАБОТКИ |
| Данные общей обработки |
20110705d1930 |||y0rusy50 ca |
| 101 0# - ЯЗЫК РЕСУРСА |
| Язык текста, звукозаписи и т.д. |
русский |
| 102 ## - СТРАНА ПУБЛИКАЦИИ ИЛИ ПРОИЗВОДСТВА |
| Страна публикации |
Российская Федерация |
| 105 ## - ПОЛЕ КОДИРОВАННЫХ ДАННЫХ: ТЕКСТОВЫЕ МАТЕРИАЛЫ, МОНОГРАФИЧЕСКИЕ |
| Кодированные данные о монографическом текстовом документе |
a z ||||| |
| 200 1# - ЗАГЛАВИЕ И СВЕДЕНИЯ ОБ ОТВЕТСТВЕННОСТИ |
| Основное заглавие |
Производство железобетонных работ |
| Первые сведения об ответственности |
Пер. с 4-го нем. изд. под ред. (и с предисл.) проф. Н.А. Кашкарова |
| 210 ## - ПУБЛИКАЦИЯ, РАСПРОСТРАНЕНИЕ И ДР. |
| Место издания, распространения и т.д. |
Москва |
| Имя издателя, распространителя и т. д. |
Гос. техн. изд-во |
| Дата издания, распространения и т.д. |
1930 |
| Место изготовления |
Ленинград |
| 215 ## - ФИЗИЧЕСКАЯ ХАРАКТЕРИСТИКА |
| Специфическое обозначение материала и объем |
473, [7] с. |
| Другие сведения о физической характеристике |
черт. |
| Размеры |
25 см |
| 225 1# - СЕРИЯ |
| Основное заглавие серии |
Инженерно-промышленная библиотека |
| Сведения об ответственности |
Ред. Эмпергер Ф., проф. |
| Обозначение тома |
Т. 3 |
| Основное заглавие серии |
Энциклопедия железобетонного строительства |
| 327 1# - ПРИМЕЧАНИЯ О СОДЕРЖАНИИ |
| Текст примечания |
Содерж.: Гл. 1. Бурхарн Г. Бетон /Сост. проф. Г. Бурхарн.- Гл. 2. Иордан Е. Бетономешалки /Сост. инж. Е. Иордан.- Гл. 3. Шлуккевио Г. Подача и переработка бетона /Сост. Г. Шлуккевио.- Гл. 4. Шлуккевио Г. Железо и его обработка /Сост. Г. Шлуккевио.- Гл. 5. Раппольд О. Опалубка и подмости /Сост. инж. О. Раппольд |
| 464 #0 - АНАЛИТИЧЕСКИЙ УРОВЕНЬ |
| Встроенное поле |
2001#$aБетон$fСост. проф. Г. Бурхарн |
| -- |
702#1$aБурхарн$bГ.$4220 |
| Заглавие |
Бетон |
| 464 #0 - АНАЛИТИЧЕСКИЙ УРОВЕНЬ |
| Встроенное поле |
2001#$aБетономешалки$fСост. инж. Е. Иордан |
| -- |
702#1$aИордан$bЕ.$4220 |
| Заглавие |
Бетономешалки |
| 464 #0 - АНАЛИТИЧЕСКИЙ УРОВЕНЬ |
| Встроенное поле |
2001#$aПодача и переработка бетона$fСост. Г. Шлуккевио |
| -- |
702#1$aШлуккевио$bГ.$4220 |
| Заглавие |
Подача и переработка бетона |
| 464 #0 - АНАЛИТИЧЕСКИЙ УРОВЕНЬ |
| Встроенное поле |
2001#$aЖелезо и его обработка$fСост. Г. Шлуккевио |
| -- |
702#1$aШлуккевио$bГ.$4220 |
| Заглавие |
Железо и его обработка |
| 464 #0 - АНАЛИТИЧЕСКИЙ УРОВЕНЬ |
| Встроенное поле |
2001#$aОпалубка и подмости$fСост. инж. О. Раппольд |
| -- |
702#1$aРаппольд$bО.$4220 |
| Заглавие |
Опалубка и подмости |
| 702 #1 - ИМЯ ЛИЦА - ВТОРИЧНАЯ ОТВЕТСТВЕННОСТЬ |
| Начальный элемент ввода |
Кашкаров |
| Часть имени, кроме начального элемента ввода |
Н.А. |
| Код отношения |
Редактор |
| 702 #1 - ИМЯ ЛИЦА - ВТОРИЧНАЯ ОТВЕТСТВЕННОСТЬ |
| Начальный элемент ввода |
Эмпергер |
| Часть имени, кроме начального элемента ввода |
Ф. |
| Код отношения |
Редактор |
| 801 #0 - ИСТОЧНИК ЗАПИСИ |
| Страна |
Российская Федерация |
| Организация |
NLR |
| Правила каталогизации |
psbo |
| 801 #1 - ИСТОЧНИК ЗАПИСИ |
| Страна |
Российская Федерация |
| Организация |
ELAR |
| Источник данных |
rusmarc |
| 852 ## - МЕСТОНАХОЖДЕНИЕ И ШИФР ХРАНЕНИЯ |
| Идентификатор организации |
NLR |
| Шифр хранения (Call Number) |
72-7/580(3) |
| 942 ## - ДОПОЛНИТЕЛЬНЫЕ ЭЛЕМЕНТЫ ЗАПИСИ (АБИС) |
| Тип экземпляра АБИС |
Книга |
| 980 ## - КОЛЛЕКЦИЯ |
| Название коллекции |
Национальная библиография |